Utilization of trellis in tomatoes production, ការប្រើប្រាស់ទ្រើងក្នុងផលិតកម្មដំណាំប៉េងប៉ោះ (Record no. 1295)

000 -LEADER
fixed length control field 00537nam a22001337a 4500
040 ## - CATALOGING SOURCE
Transcribing agency RUA
082 ## - DEWEY DECIMAL CLASSIFICATION NUMBER
Classification number AGR CHH 2013 B054 Or.1
100 ## - MAIN ENTRY--AUTHOR NAME
Personal name CHHOR, KIMHEAK.
245 ## - TITLE STATEMENT
Title Utilization of trellis in tomatoes production, ការប្រើប្រាស់ទ្រើងក្នុងផលិតកម្មដំណាំប៉េងប៉ោះ
260 ## - PUBLICATION, DISTRIBUTION, ETC. (IMPRINT)
Place of publication Phnom Penh
Name of publisher RUA
Year of publication 2013
300 ## - PHYSICAL DESCRIPTION
Number of Pages viii; 39p.
Other physical details ill.
Dimensions 29cm.
856 ## - ELECTRONIC LOCATION AND ACCESS
Uniform Resource Identifier https://drive.google.com/file/d/1nVDdqOfdyUf849JGoQuukncHazE63s6o/view?usp=sharing
942 ## - ADDED ENTRY ELEMENTS (KOHA)
Koha item type AGR
952 ## - LOCATION AND ITEM INFORMATION (KOHA)
Withdrawn status [LOCAL, KOHA] 0
952 ## - LOCATION AND ITEM INFORMATION (KOHA)
Withdrawn status [LOCAL, KOHA] 0
952 ## - LOCATION AND ITEM INFORMATION (KOHA)
Withdrawn status [LOCAL, KOHA] 0
952 ## - LOCATION AND ITEM INFORMATION (KOHA)
Withdrawn status [LOCAL, KOHA] 0
952 ## - LOCATION AND ITEM INFORMATION (KOHA)
Withdrawn status [LOCAL, KOHA] 0
952 ## - LOCATION AND ITEM INFORMATION (KOHA)
Withdrawn status [LOCAL, KOHA] 0
952 ## - LOCATION AND ITEM INFORMATION (KOHA)
Withdrawn status [LOCAL, KOHA] 0
952 ## - LOCATION AND ITEM INFORMATION (KOHA)
Withdrawn status [LOCAL, KOHA] 0
952 ## - LOCATION AND ITEM INFORMATION (KOHA)
Withdrawn status [LOCAL, KOHA] 0
952 ## - LOCATION AND ITEM INFORMATION (KOHA)
Withdrawn status [LOCAL, KOHA] 0
952 ## - LOCATION AND ITEM INFORMATION (KOHA)
Withdrawn status [LOCAL, KOHA] 0
Holdings
Permanent Location Date acquired Koha item type Lost status Shelving location Barcode Current Location Full call number
Library Block B2015-09-26AGR B054RUA005319Library Block BAGR CHH 2013 B054 Or.1
Library Block B2015-09-26AGR B054RUA005527Library Block BAGR CHH 2013 B054 Or.2
Library Block B2015-09-26AGR B054RUA005455Library Block BAGR CHH 2013 B054 Or.3
Library Block B2015-09-26AGR B054RUA004636Library Block BAGR CHH 2013 B054 Or.4
Library Block B2015-09-26AGR B054RUA004564Library Block BAGR CHH 2013 B054 Or.5
Library Block B2015-09-26AGR B054RUA004932Library Block BAGR CHH 2013 B054 Or.6
Library Block B2015-09-26AGR B054RUA006219Library Block BAGR CHH 2013 B054 Or.7
Library Block B2015-09-26AGR B054RUA006221Library Block BAGR CHH 2013 B054 Or.8
Library Block B2015-09-26AGR B054RUA006218Library Block BAGR CHH 2013 B054 Or.9
Library Block B2015-09-26AGR B054RUA006220Library Block BAGR CHH 2013 B054 Or.10
Library Block B2018-12-21AGR B1.194A41129Library Block BAGR CHH 2013 B1.194 Or.1
មជ្ឈមណ្ឌលឯការនៃសាកលវិទ្យាល័យភូមិន្ទកសិកម្មចំការដូង

Powered by Koha